| 000 | 00646nam a2200229 a 4500 | ||
|---|---|---|---|
| 001 | 59633 | ||
| 003 | BD-RjUL | ||
| 005 | 20211209080743.0 | ||
| 008 | 161226s1961 nyua b 000 0 eng | ||
| 035 | _a(BD-RjUL)59757 | ||
| 040 |
_aDLC _cURB _dSER _dm.c _dSER _beng |
||
| 041 | _aeng | ||
| 082 |
_223 _a658 _bLIN 1961 |
||
| 100 | 1 |
_aLikert, Rensis, _d1903-1981 _9177442 |
|
| 245 | 1 | 0 |
_aNew patterns of management / _bRensis Likert |
| 260 |
_aNew York : _bMcGraw-Hill, _c1961 |
||
| 300 |
_a279 p. : _bill. ; _c24 cm |
||
| 504 | _aIncludes bibliography | ||
| 650 | 0 |
_aIndustrial management _9171014 |
|
| 650 | 0 |
_amanagement _9172842 |
|
| 942 |
_2ddc _cBK |
||
| 999 |
_c59633 _d59633 |
||